000 00744nam a2200289Ia 4500
005 20260324150549.0
008 008 260324s9999 xx 000 0 eng d
020 _a9781315310251
037 _aEBOOK
040 _aCRL
040 _beng
040 _cCRL
041 _2eng
041 _aeng
084 _qCRL
100 _aA. H. J. Prins
_91226857
245 4 _aThe Swahili-Speaking Peoples of Zanzibar and the East African Coast (Arabs, Shirazi and Swahili)
245 0 _bEast Central Africa Part XII
260 _bTaylor and Francis
260 _c1961
365 _a
365 _b180
856 _uhttp://www.taylorfrancis.com/books/9781315310251
942 _cEBOOK
999 _c1836517
_d1836517